00000000nam##2200000za#4500
0019.625817
003CaOODSP
00520200421163421
007ta
008150406|2001||||xxc|||||     f|0| 0 fre|d
020 |a0-662-86377-1
040 |aCaOODSP|bfre
043 |an-cn---
0861 |aNH18-24/18F
1102 |aSociété canadienne d'hypothèques et de logement.
24510|aComment déchiffrer une Fiche technique sur la sécurité des substances (FTSS)
260 |aOttawa - Ontario : |bSociété canadienne d'hypothèques et de logement |c2001.
300 |a4p. ; |c28 cm.
4901 |aVotre maison |vCF18
563 |aDépliant
590 |a01-42|b2001-10-19
69107|aProduit dangereux|2gcpds
69107|aNorme de sécurité|2gcpds
77508|tHow to read a Material Safety Data Sheet (MSDS) |w(CaOODSP)9.615801
7760#|tComment déchiffrer une Fiche technique sur la sécurité des substances (FTSS) |w(CaOODSP)9.602214
830#0|aVotre maison ;|vCF18|w(CaOODSP)9.513181